Accounting / (Record no. 8744)

MARC details
000 -LEADER
fixed length control field 00775cam a22002412 4500
001 - CONTROL NUMBER
control field 0000018985
005 - DATE AND TIME OF LATEST TRANSACTION
control field 20151217152142.0
008 - FIXED-LENGTH DATA ELEMENTS--GENERAL INFORMATION
fixed length control field 100830s xx 000 0 eng d
020 ## - INTERNATIONAL STANDARD BOOK NUMBER
International Standard Book Number 0136072980 :
040 ## - CATALOGING SOURCE
Original cataloging agency KABU
Transcribing agency KABU
050 #0 - LIBRARY OF CONGRESS CALL NUMBER
Classification number HF5635
Item number .H67 2008
100 1# - MAIN ENTRY--PERSONAL NAME
Personal name Horngren, Charles T.,
Dates associated with a name 1926-.
-- 0000151498
245 10 - TITLE STATEMENT
Title Accounting /
Statement of responsibility, etc. Charles T. Horngren, Walter T. Harrison, M. Suzanne Oliver.
250 ## - EDITION STATEMENT
Edition statement 8th ed.
260 ## - PUBLICATION, DISTRIBUTION, ETC. (IMPRINT)
Place of publication, distribution, etc. Upper Saddle River, N.J. :
Name of publisher, distributor, etc. Prentice-Hall,
Date of publication, distribution, etc. 2008.
300 ## - PHYSICAL DESCRIPTION
Extent 1 v. (various pagings) ;
650 #0 - SUBJECT ADDED ENTRY--TOPICAL TERM
Topical term or geographic name as entry element Accounting.
-- 0000148321
700 1# - ADDED ENTRY--PERSONAL NAME
Personal name Harrison, Walter T.
-- 0000151868
700 1# - ADDED ENTRY--PERSONAL NAME
Personal name Oliver, M. Suzanne.
-- 0000178501
852 1# - LOCATION
-- p3000 KES
908 ## - PUT COMMAND PARAMETER (RLIN)
Put command parameter 100830
950 ## - LOCAL HOLDINGS (RLIN)
-- 1
Holdings
Withdrawn status Lost status Source of classification or shelving scheme Not for loan Home library Current library Date acquired Total Checkouts Total Renewals Full call number Barcode Date last seen Date last checked out Price effective from Koha item type
    Library of Congress Classification   Kabarak, Main Campus Kabarak, Main Campus 17/12/2015 5 1 HF5635 .H67 2008 c. 1 24025 02/08/2024 17/10/2019 17/12/2015 General Collection
Designed with assistance from East African Informatics Ltd